000 00628nam a2200241Ia 4500
003 OSt
005 20220918202516.0
006 a|||||r|||| 00| 0
007 ta
008 220917b |||||||| |||| 00| 0 eng d
024 _a101,795
037 _cTextual
040 _aARTS
_cARTS
_beng
041 _2eng
_aeng
082 _aV2,4.N7, L7
100 _aSadasivan S N
_9104106
245 0 _aParty and democracy in India
260 _aNew Delhi
_bTata McGraw Hills
_c1977
300 _axv, 537p.
_ccm.
650 _aHISTORY
942 _hV2,4.N7, L7
_cTEXL
_2CC
999 _c225255
_d225255